00618nam a2200145Ia 4500008004100000020001800041050002500059100002300084245009900107260004100206300001500247500005600262650009600318700005800414120626s9999 xx 000 0 und d a84-415-1273-6 aHF5548.4M525 W54518 aWILLETT, Edward C. aEl libro de Office XP : versión 2002 / Edward C. Willett , Steve Cummings ; tr. Carlos Anaya aMadrid ; México : Anaya Multimedia a959 p. il. aTraducción de : Office XP bible , incluye CD-ROM a1. MICROSOFT OFFICE 2. WORD 3. EXCEL 4 FRONT PAGE (PROGRAMAS PARA COMPUTADORA) 5. NEGOCIOS. aI. Cummings, Steve, coaut. II. Anaya, Carlos, tr.Ì